Szczegóły MARC21

Nowa encyklopedia powszechna PWN. T. 1-8 /

003 -Nazwa inst., której nr kontr. jest w polu 001 [,]
    • @
    • Nazwa instytucji, której n kontrolny jest w polu 001
    • NUKAT
005 -DATA I CZAS OSTATNIEJ MODYFIKACJI [,]
    • @
    • pole kontrolne
    • 20241231085807.0
020 -Międzynarod. znormalizowany nr książki - ISBN [ , ]
    • a
    • Numer ISBN
    • 8301141794 Find
    • q
    • Dopowiedzenie
    • t. 1-8
020 -Międzynarod. znormalizowany nr książki - ISBN [ , ]
    • a
    • Numer ISBN
    • 8301141808 Find
    • q
    • Dopowiedzenie
    • t. 1
040 -Instytucja sporządzająca opis [ , ]
    • a
    • Instytucja, która sporządziła opis (NP)
    • OLSZT 003/WO
    • b
    • Język katalogowania
    • pol
    • e
    • Zasady katalogowania
    • rda
    • c
    • Instytucja, która sporządziła rekord (NP)
    • OLSZT 003/WO
    • d
    • Instytucja, która zmodyfikowała rekord (P)
    • OLSZT 003/WO
    • d
    • Instytucja, która zmodyfikowała rekord (P)
    • WA 777/JO
942 -Rodzaj dokumentu [ , ]
    • c
    • Rodzaj dokumentu
    • Książka
245 -Strefa tytułu i oznaczenia odpowiedzialności [0,0]
    • a
    • Tytuł
    • Nowa encyklopedia powszechna PWN. Find
    • n
    • Oznaczenie części (P)
    • T. 1-8 /
    • c
    • Pozostałe elementy strefy tytułu i oznaczenia odpowiedzialności (NP)
    • redaktor naczelny Bartłomiej Kaczorowski.
250 -Strefa wydania [ , ]
    • a
    • Oznaczenie wydania (NP)
    • Wydanie 2, poszerzone i zmodyfikowane.
260 -Strefa adresu wydawniczego [ , ]
    • a
    • Miejsce wydania (P)
    • Warszawa :
    • b
    • Nazwa wydawcy (P)
    • Wydawnictwo Naukowe PWN,
    • c
    • Data wydania (P)
    • 2004.
300 -Strefa opisu fizycznego [ , ]
    • a
    • Określenie formy książki i/lub objętość (NP)
    • 8 tomów :
    • b
    • Oznaczenie ilustracji (NP)
    • ilustracje (w tym kolorowe) ;
    • c
    • Format (NP)
    • 30 cm.
336 -Typ zawartości [ , ]
    • a
    • Termin opisujący typ zawartości
    • Tekst
    • b
    • Kod określający zawartość
    • txt
    • 2
    • Źródło (terminu i kodu)
    • rdacontent
337 -Typ mediów [ , ]
    • a
    • Tryb odtwarzania
    • Bez urządzenia pośredniczącego
    • b
    • Kod typu mediów
    • n
    • 2
    • Źródło (terminu i kodu)
    • rdamedia
338 -Typ/rodzaj nośnika [ , ]
    • a
    • Hasło opisujące typ nośnika
    • Wolumin
    • b
    • Kod typu nośnika
    • nc
    • 2
    • Źródło (terminu i kodu)
    • rdacarrier
080 -Uniwersalna Klasyfikacja Dziesiętna [ , ]
    • a
    • Symbol klasyfikacji
    • 0/9(038)
655 -Hasło w funkcji tematu formalnego [ ,7]
    • a
    • Hasło
    • Encyklopedie i słowniki polskie
    • y
    • Określnik chronologiczny
    • 1990-.
    • 2
    • Źródło terminu
    • kaba
    • 9
    • KHW
    • 355385
980 -Symbol UKD [ , ]
    • a
    • UKD
    • 0/9(038)
700 -Hasło dodatkowe - nazwa osobowa [1, ]
    • a
    • Nazwa osobowa (NP)
    • Kaczorowski, Bartłomiej Find
    • d
    • Daty biograficzne (NP)
    • (1960- ).
    • e
    • Określenie rodzaju współpracy
    • Redakcja
    • 9
    • KHW
    • 15573
710 -Hasło dodatkowe - nazwa ciała zbiorowego [2, ]
    • a
    • Nazwa ciała zbiorowego lub nazwa geograficzna jako pierwszy element (NP)
    • Wydawnictwo Naukowe PWN.
    • e
    • Rodzaj współpracy
    • Wydawca
    • 4
    • Kod relacji
    • pbl
    • 9
    • KHW
    • 52648
920 -ISBN [ , ]
    • a
    • ISBN
    • 83-01-14179-4 Find
    • q
    • Dopowiedzenie
    • t. 1-8
920 -ISBN [ , ]
    • a
    • ISBN
    • 83-01-14180-8 Find
    • q
    • Dopowiedzenie
    • t. 1
Numer tomu Status udost. Numer inwentarzowy Sygnatura Lokalizacja Data inwentaryzacji
T.1 A-Bre1E.69672 BE2005-04-26
T.2 Bri-Eur1E.69750 BE2005-06-22
T.3 Eur-Iog1E.69830 BE2005-10-13
T.4 Ion-Leb1E.70022 BE2006-02-23
T.5 Leb-Nil1E.70129 BE2006-05-31
T.6 nim-Pri1E.70287 BE2006-12-08
T.7 Pri-Sud1E.70291 BE2006-12-08
T.8 Sud-żyz1E.70298 BE2006-12-08
T.1 A-Bre1S.91795 BE2005-04-26
T.2 Bri-Eur1S.92005 BE2005-06-22
T.3 Eur-Iog1S.92104 BE2005-10-13
T.7 Pri-Sud1S.92603 BE2006-12-08
T.4 Ion-Leb1S.92258 BE2006-02-23
T.5 Leb-Nil1S.92349 BE2006-05-31
T.6 nim-Pri1S.92600 BE2006-12-08
T.8 Sud-żyz1S.92605 BE2006-12-08
T.3 Eur-Iog1Inf.123XII.2BG2005-12-08
T.4 Ion-Leb1Inf.133XII.2BG2006-02-23
T.5 Leb-Nil1Inf.145XII.2BG2006-04-07
T.2 Bri-Eur1Inf.151XII.2BG2006-07-03
T.6 nim-Pri1Inf.168 BG2006-12-08
T.7 Pri-Sud1Inf.169 BG2006-12-08
T.8 Sud-żyz1Inf.170 BG2006-12-08
T.1 A-Bre1Inf.90XII.2BG2005-04-26
T.1 A-Bre1N.18673 BG2005-04-26
T.3 Eur-Iog1N.18713 BG2005-12-08
T.4 Ion-Leb1N.18818 BG2006-02-23
T.5 Leb-Nil1N.18850 BG2006-04-07
T.2 Bri-Eur1N.18865 BG2006-07-03
T.6 nim-Pri1N.18932N.18932BG2006-12-08
T.7 Pri-Sud1N.18933N.18933BG2006-12-08
T.8 Sud-żyz1N.18934N.18934BG2006-12-08
T.1 A-Bre1P.19577 BM2005-04-26
T.2 Bri-Eur1P.20238DFBM2006-07-03
T.1 A-Bre-2T.8098 T2004-07-22
T.2 Bri-Eur-2T.8105 T2004-09-21
T.3 Eur-Iog-2T.8763 T2005-10-13
T.4 Ion-Leb-2T.9020 T2006-02-23
T.5 Leb-Nil-2T.9037 T2006-04-07
T.6 nim-Pri-2T.9264 T2006-12-08
T.7 Pri-Sud-2T.9265 T2006-12-08
T.8 Sud-żyz-2T.9266 T2006-12-08